000 00546nam a2200193Ia 4500
005 20250326142859.0
008 250326s9999 xx 000 0 und d
020 _a0-7923-8630-2
037 _aTextbook
040 _aFMSL
_beng
_cFMSL
041 _aeng
_2eng
084 _aX:89Qk P0
_qFMSL
100 _aSwamidass P M
_9746797
245 0 _aEncyclopedia of production and management
_cSwamidass P M
260 _aLondon
_bLondon, Kluwer Academic
_c2000
300 _av..
942 _cTB
_hX:89Qk P0
999 _c1297082
_d1297082